000 00555cam a22001932 4500
001 0000000512
005 20151217155802.0
008 070207s xx 000 0 eng d
040 _aKABU
_cKABU
050 0 _aDT433.565
_b.W55
100 1 _aWilson, Christopher.
_@0000148726
245 1 0 _aBefore the dawn in Kenya. /
_cChristopher Wilson.
260 _aNairobi :
_bEnglish press,
_c1952.
300 _a130 p.
651 0 _aKenya
_xHistory.
_@0000148727
908 _a070207
950 _@1
999 _c12373
_d12373